| 000 | 00398nam a22001337a 4500 | ||
|---|---|---|---|
| 082 |
_a954.91 _bPAK |
||
| 100 |
_aHasan, Masuam _946374 |
||
| 245 |
_aPakistan in a changing world/ _cHasan, Masuam |
||
| 260 |
_aKarachi, _bPakistan institute of international affairs _c19778. |
||
| 300 |
_a251p.: _bill,;, _c15 cm. |
||
| 526 |
_a0 _b0 _c0 _d954_910000000000000_PAK |
||
| 650 |
_aMCE _9379 |
||
| 942 |
_2ddc _cBK |
||
| 999 |
_c549723 _d549723 |
||